00964 2200349 4500001002100000005001500021035002000036007000300056040001700059100002900076245005800105250001000163300003300173504002300206020002200229041000800251082001100259084001700270090002100287264003700308336002100345337003000366338002300396500003500419650001100454700003600465850001000501008004100511990002000552990002000572990002200592INLIS00000000000886820260513024135 a0010-1022000243ta aSBPUPADbInd0 aEllen TjandraePengarang1 aMengenal Pantai /cEllen Tjandra;Editor,Diah Rahmatia aCet.1 aiv,60 Hlm :billus. ;c25 cm aBibliografi,Hlm 59 a978-602-97501-5-707aind a551.45 a551.45 ELL m a551.45 ELL m 5-2 aJawa Barat :bPakar Media,c2011 2rdacontentateks 2rdamediaatanpa perantara 2rdacarrieravolume aIndeks,Hlm 56,glosarium,Hlm 58 4aLautan0 aEditor,Diah RahmatiaePengarang aPUPAD260513 0  a23.559/H/DPK/17 a23.558/H/DPK/17 a23.598/H/DPK/2017